| 000 | 00410nam a2200169Ia 4500 | ||
|---|---|---|---|
| 001 | 4519 | ||
| 003 | IN-NITTTR | ||
| 005 | 20251114233000.0 | ||
| 008 | 251113s9999||||xx |||||||||||||| ||eng|| | ||
| 040 | _beng | ||
| 040 | _cIN-NITTTR | ||
| 041 | _aeng | ||
| 082 | _a621 E158S | ||
| 100 | _aEvans, J. A. | ||
| 245 | 0 |
_aScience for mechanical engineering technicians part 1(T1) / _cEvans, J. A. |
|
| 942 |
_2ddc _cBK |
||
| 999 |
_c7155 _d7155 |
||